000 00963cab a2200229 4500
001 ABS52825
008 090401t1994 xxu||||| |||| 00| 0 eng d
035 _a(Sirsi) u344
041 _aeng
100 _aHashim, A.
245 _aDesign maintenance: designers, their designs & procedures in relation to improvements in the quality & efficiency of maintenance works.
260 _c1994
350 _a0
490 _aSurveyor (Institution of Surveyors` Malaysia)
_v29(4) 1994, 11-15(5)
520 _aOutlines the importance of maintenance issues for designers when planning buildings, covering the influence of design, causes of defects, defects liability, building control, the need for information on performance and the design/maintenance relationship.(Local practice).
650 _aCOSTS-IN-USE
650 _aDESIGN BRIEFS
650 _aPERFORMANCE
690 _aBUILDING AND CONSTRUCTION-REPAIRS AND MAINTENANCE
942 _n0
948 _c04/03/1997
999 _c132
_d132